El aprendizaje a partir de las relaciones humanas / (Record no. 3970)
[ view plain ]
| 000 -CABECERA | |
|---|---|
| campo de control de longitud fija | 00851nam a2200229 a 4500 |
| 005 - FECHA Y HORA DE LA ÚLTIMA TRANSACCIÓN | |
| campo de control | 20230602063824.0 |
| 008 - ELEMENTOS DE LONGITUD FIJA--INFORMACIÓN GENERAL | |
| campo de control de longitud fija | 991125s1996 mx 000 0 spa u |
| 035 ## - NÚMERO DE CONTROL DEL SISTEMA | |
| Número de control de sistema | UPN01000003970 |
| 049 ## - COLECCIÓN | |
| Colección | TES |
| 099 ## - CLASIFICACIÓN LOCAL | |
| Clasificación local | 14733 |
| 100 1# - ASIENTO PRINCIPAL--NOMBRE PERSONAL | |
| Nombre de persona | Lozano Domínguez, Armando |
| 245 13 - MENCIÓN DE TÍTULO | |
| Título | El aprendizaje a partir de las relaciones humanas / |
| Mención de responsabilidad, etc. | Armando Lozano Domínguez, Israel Hernández Valdez. |
| 260 ## - PUBLICACIÓN, DISTRIBUCIÓN, ETC. | |
| Lugar de publicación, distribución, etc. | Piedras Negras, Coah. : |
| Nombre del editor, distribuidor, etc. | A. Lozano Domínguez, |
| Fecha de publicación, distribución, etc. | 1996. |
| 300 ## - DESCRIPCIÓN FÍSICA | |
| Extensión | 72 h. |
| 500 ## - NOTA GENERAL | |
| Nota general | "Unidad 05C" |
| 502 ## - NOTA DE TESIS | |
| Nota de tesis | Tesis (Lic. en Educación Primaria) -- Universidad Pedagógica Nacional, 1996 |
| 650 #4 - ASIENTO SECUNDARIO DE MATERIA - TERMINO TEMATICO | |
| Término de materia o nombre geográfico como elemento de entrada | Civismo |
| Subdivisión general | Estudio y enseñanza (Elemental) |
| 9 (RLIN) | 2807 |
| 650 #4 - ASIENTO SECUNDARIO DE MATERIA - TERMINO TEMATICO | |
| Término de materia o nombre geográfico como elemento de entrada | Socialización del niño |
| 9 (RLIN) | 3953 |
| 700 1# - ASIENTO SECUNDARIO--NOMBRE DE PERSONAL | |
| Nombre de persona | Hernández Valdez, Israel, |
| Término indicativo de función/relación | coaut. |
| 710 2# - ASIENTO SECUNDARIO - NOMBRE CORPORATIVO | |
| Nombre de entidad corporativa o nombre de jurisdicción como elemento de entrada | Universidad Pedagógica Nacional (México). |
| Unidad subordinada | Unidad 05C |
| 9 (RLIN) | 28323 |
| 905 ## - TIPO DE MATERIAL | |
| Tipo de material | Tesis |
| Estado de retiro | Estado de pérdida | Fuente del sistema de clasificación o colocación | Estado dañado | No para préstamo | Código de colección | Localización permanente | Ubicación/localización actual | Ubicación en estantería | Fecha de adquisición | Clasificación | Código de barras | Fecha visto por última vez | Número de copia | Tipo de ítem Koha |
|---|---|---|---|---|---|---|---|---|---|---|---|---|---|---|
| Library of Congress Classification | Disponible (Préstamo en sala) | Tesis impresas | Bib. Gregorio Torres Quintero | Bib. Gregorio Torres Quintero | Planta alta Repositorios y acceso abierto | 23/02/2023 | 14733 | 59287 | 31/12/2020 | 1 | Libro |
